Catálogo público

Reunión Nacional de Investigación Pecuaria, Morelos 1996 : memoria / (Record no. 169572)

MARC details
000 -CABECERA
campo de control de longitud fija 01146nam a2200277Ia 4500
001 - NÚMERO DE CONTROL
campo de control Z_6323
003 - IDENTIFICADOR DEL NÚMERO DE CONTROL
campo de control CHAP
008 - DATOS DE LONGITUD FIJA--INFORMACIÓN GENERAL
campo de control de longitud fija 220113s1996 xx 000 0 und d
010 ## - NÚMERO DE CONTROL DE LA BIBLIOTECA DEL CONGRESO
Número de control de LC 169572
040 ## - FUENTE DE LA CATALOGACIÓN
Centro/agencia transcriptor CHAP
082 ## - NÚMERO DE LA CLASIFICACIÓN DECIMAL DEWEY
Número de clasificación 636.21 R48 1996
111 ## - ENTRADA PRINCIPAL--NOMBRE DE CONGRESO/REUNIÓN
Nombre de congreso/reunión o jurisdicción como elemento de entrada Reunión Nacional de Investigación Pecuaria (1996 : Cuernavaca, Mor.)
9 (RLIN) 144449
245 ## - MENCIÓN DE TÍTULO
Título Reunión Nacional de Investigación Pecuaria, Morelos 1996 : memoria /
Mención de responsabilidad, etc. INIFAP
260 ## - PUBLICACIÓN, DISTRIBUCIÓN, ETC.
Lugar de publicación, distribución, etc. México :
Nombre del editor, distribuidor, etc. INIFAP,
Fecha de publicación, distribución, etc. 1996
300 ## - DESCRIPCIÓN FÍSICA
Extensión 419 p.
500 ## - NOTA GENERAL
Nota general Participantes: Secretaría de Agricultura, Ganadería y Desarrollo Rural, Gobierno del Estado de Morelos, Instituto Nacional de Investigaciones Forestales, Agrícolas y Pecuarias, Universidad Autónoma del Estado de Morelos, Uiversidad Nacional Autónoma de México, Universidad Autónoma Chapingo y Colegio de Postgraduados en Ciencias Agrícolas
503 ## - NOTA DE HISTORIA BIBLIOGRÁFICA (BK CF MU) [OBSOLETO]
Nota de historia bibliográfica ej.1: s/n
650 ## - PUNTO DE ACCESO ADICIONAL DE MATERIA--TÉRMINO DE MATERIA
Término de materia o nombre geográfico como elemento de entrada Ganado
Subdivisión general Cría
-- México
-- Congresos
9 (RLIN) 144450
711 ## - PUNTO DE ACCESO ADICIONAL--NOMBRE DE REUNIÓN/CONGRESO
Nombre de congreso/reunión o jurisdicción como elemento de entrada Reunión Nacional de Investigación Pecuaria (1996 : Cuernavaca, Mor.)
9 (RLIN) 144449
901 ## - ELEMENTOS DE DATOS A LOCAL LDA (RLIN)
a 636.21 R48 1996
902 ## - ELEMENTOS DE DATOS B LOCAL, LDB (RLIN)
a A
910 ## - DATOS DE OPCIÓN DEL USUARIO (OCLC)
Datos de opción del usuario 1996
942 ## - ELEMENTOS DE PUNTO DE ACCESO ADICIONAL (KOHA)
Tipo de ítem Koha Libro_
942 ## - ELEMENTOS DE PUNTO DE ACCESO ADICIONAL (KOHA)
Tipo de ítem Koha
Holdings
Estado de retiro Estado de pérdida Fuente del sistema de clasificación o colocación Estado dañado No para préstamo Código de colección Localización permanente Ubicación/localización actual Ubicación en estantería Fecha de adquisición Código de barras Fecha visto por última vez Número de copia Precio válido a partir de Tipo de ítem Koha
    Dewey Decimal Classification     General Zootecnia Zootecnia   26/03/2013 z_6041 18/01/2022 1 18/01/2022 Libro